Guess the Fusion Rock Song Lyrics #189 - Statistics

General Stats
  • This quiz has been taken 12 times
  • The average score is 123 of 176
Answer Stats
Answer % Correct
love
100%
and
90%
In
90%
my
90%
of
90%
the
90%
The
90%
you
90%
be
80%
It's
80%
on
80%
so
80%
To
80%
we
80%
When
80%
when
80%
with
80%
your
80%
Cream
70%
eyes
70%
I'll
70%
now
70%
stay
70%
sunshine
70%
where
70%
are
60%
been
60%
darlin
60%
Give
60%
going
60%
I'm
60%
I've
60%
just
60%
long
60%
their
60%
til
60%
up
60%
Yes
60%
close
50%
dawn
50%
getting
50%
lights
50%
stars
50%
start
50%
waiting
50%
darling
40%
falling
40%
morning
40%
near
40%
soon
40%
surprise
40%
tired
40%
two
40%
seas
30%
through
30%
dried
20%
shining
20%
No matching quizzes found
Score Distribution
Percent of People with Each Score
Percentile by Number Answered
Your Score History
You have not taken this quiz